000 00409nam a2200145Ia 4500
008 240729s9999 xx 000 0 und d
245 0 _aGuoji Yanke Zazhi
260 _aChina
260 _bPress of International Journal of Ophthalmology (IJO PRESS)
650 _a Ophthalmology
650 _aMedicine
856 _uhttps://doaj.org/toc/a8dcf4118b1d40058fd2ebd7a346f51c
942 _2ddc
942 _cDOAJEJ
999 _c69763
_d69763
945 _a1
_bMadushi Gamage
_c1
_dMadushi Gamage